00451nam a2200145Ia 4500008004100000100002700041245009800068245004500166260002400211260000900235300000900244500000900253650002300262650002000285170224s9999 xx 000 0 und d aNeta Kligler-Vilenchik aGood citizenship as a frame contest: Kony2012, memes, and critiques of the networked citizen  cNeta Kligler-Vilenchik, Kjerstin Thorson bNew Media & Society c2016 a18:9 a2016 xCommunication Arts xMultimedia Arts